| 000 | 01805 a2200433 4500 | ||
|---|---|---|---|
| 999 |
_c11012 _d11012 |
||
| 020 | _a9780198749363 | ||
| 020 | _a0198749368 | ||
| 020 | _a9780198749370 | ||
| 020 | _a0198749376 | ||
| 020 | _a9780198749387 | ||
| 050 | 0 | 0 |
_aQM23.2 _b.KOS 2018 |
| 100 | 1 |
_aKoshi, Rachel, _eauthor. |
|
| 245 | 1 | 0 |
_aCunningham's manual of practical anatomy / _cDr. Rachel Koshi, MBBS, MS, PhD, Professor of Anatomy, Apollo Institute of Medical Sciences and Research, Chittoor, India. |
| 250 | _aSixteenth edition. | ||
| 264 | 1 |
_aOxford, United Kingdom : _bOxford University Press, _c[2018]- |
|
| 300 |
_avolumes : _billustrations (some color) ; |
||
| 336 |
_atext _btxt _2rdacontent |
||
| 336 |
_astill image _bsti _2rdacontent |
||
| 337 |
_aunmediated _bn _2rdamedia |
||
| 338 |
_avolume _bnc _2rdacarrier |
||
| 500 | _aPreceded by (work): Cunningham's manual of practical anatomy / G.J. Romanes. 15th ed. 1986. | ||
| 500 | _aIncludes index. | ||
| 505 | 1 | _aVolume 1. Upper and lower limbs -- volume 2. Thorax and abdomen -- volume 3. Head, neck and brain. | |
| 650 | 0 | _aHuman anatomy. | |
| 650 | 0 | _aExtremities (Anatomy) | |
| 650 | 0 |
_aAbdomen _xAnatomy. |
|
| 650 | 0 |
_aChest _xAnatomy. |
|
| 650 | 0 | _aDissection. | |
| 650 | 1 | 2 | _aAnatomy. |
| 650 | 1 | 2 |
_aDissection _xmethods. |
| 650 | 7 |
_aAbdomen _xAnatomy. |
|
| 650 | 7 |
_aChest _xAnatomy. |
|
| 650 | 7 | _aDissection. | |
| 650 | 7 | _aExtremities (Anatomy) | |
| 650 | 7 | _aHuman anatomy. | |
| 700 | 1 |
_aCunningham, D. J. _q(Daniel John), _d1850-1909. _tManual of practical anatomy. _s15th edition. _iPreceded by (work): |
|
| 942 |
_2lcc _cBK _e16th _h23.2 _iKOS _kQM |
||